logo

Bir Sreshtho Munshi Abdur Rouf Library
Jhenaidah Cadet College

Mechanical suture in vascular surgery / (Record no. 7562)

MARC details
000 -LEADER
fixed length control field 00729nam a22002532 4500
001 - CONTROL NUMBER
JCCL Control Number 7562
003 - CONTROL NUMBER IDENTIFIER
JCCL marc code BD - JhCC
005 - DATE AND TIME OF LATEST TRANSACTION
control field 20181006181027.0
008 - FIXED-LENGTH DATA ELEMENTS--GENERAL INFORMATION
fixed length control field 810815s1963 xx a 000 0 eng d
035 ## - SYSTEM CONTROL NUMBER
system control number (BD - JhCC)7562
040 ## - CATALOGING SOURCE
Original cataloging agency NLM
Transcribing agency NLM
Modifying agency EQO
-- BD - JhCC
041 ## - LANGUAGE CODE
Language code of Book eng
060 0# - NATIONAL LIBRARY OF MEDICINE CALL NUMBER
Classification number WG 168
Item number A576m 1963
082 ## - DEWEY DECIMAL CLASSIFICATION NUMBER
Author mark and Year AND 1963
Classification number 617
100 1# - MAIN ENTRY--PERSONAL NAME
Personal name Androsov, P. I.
Fuller form of name (Pavel Iosifovich)
245 10 - TITLE STATEMENT
Title Mechanical suture in vascular surgery /
Statement of responsibility, etc P. I. Androsov,
260 ## - PUBLICATION, DISTRIBUTION, ETC. (IMPRINT)
Place of publication, distribution, etc Moscow :
Name of publisher, distributor, etc Foreign Languages Pub. House,
Date of publication, distribution, etc [1963]
300 ## - PHYSICAL DESCRIPTION
Pagination 148 p.
Other physical details ill.
500 ## - GENERAL NOTE
General note Translation of MekhanicheskiÄ­ shov v khirurgii sosudov.
650 #2 - SUBJECT ADDED ENTRY--TOPICAL TERM
Topical term or geographic name as entry element Sutures.
650 #2 - SUBJECT ADDED ENTRY--TOPICAL TERM
Topical term or geographic name as entry element Vascular Surgery.
942 ## - ADDED ENTRY ELEMENTS (KOHA)
Source of classification or shelving scheme Dewey Decimal Classification
Koha item type Books
Holdings
Source of classification or shelving scheme Damaged status Not for loan Home library Current library Shelving location Total Checkouts Full call number Barcode Date last seen Copy number Koha item type
Dewey Decimal Classification     JCC Rouf Library JCC Rouf Library General Stacks   617 AND 1963 10173 02/11/2018 C - 1 Books

JCC Library | Contacts | JCC Home

Last Update on 23 September 2017
Copyright @ 2017-2020 JCC Rouf Library
Rouf Library, Jhenidah Cadet College (JCC), Bangladesh